000 01387nam0a2200313 4500
001 RU\NLR\BIBL_A\022280764
005 20260420012339.0
010 _a978-5-907678-64-4
_9100
021 _aRU
_bКН-П-24-032201
_9КН-П-24-3259
035 _a(NLR Aleph) 022280764
090 _a13660975
_c13660975
100 _a20240718d2024 u y0rusy50 ca
101 0 _arus
102 _aRU
105 _ay|||z|||000cy
181 0 _ai4
_baxxe
182 0 _an
200 1 _aДобрачные сексуальные практики в русской традиционной культуре
_eэссе
_fСтанислав Колчин
203 _aТекст
_bвизуальный
_cнепосредственный
210 _aКалуга
_cСтрельцов И. А. (Изд-во "Эйдос")
_d2024
215 _a129 с.
_d21
320 _aБиблиогр. в подстроч. примеч.
606 1 _aРусские
_xСексуальные отношения
_xЭтнографические исследования
_92598038
_3RU\NLR\AUTH\6601744240
686 1 _aТ52(2=Р)-519
700 1 _aКолчин
_bС. С.
_gСтанислав Сергеевич
942 _cBOOK
980 _aNB